Teaching today: a practical guide. -- 3rd ed. (Record no. 80946)

MARC details
000 -LEADER
fixed length control field 00940nam a2200193 a 4500
008 - FIXED-LENGTH DATA ELEMENTS--GENERAL INFORMATION
fixed length control field 090109s2004 ||||||||||||||||| || u
020 ## - INTERNATIONAL STANDARD BOOK NUMBER
International Standard Book Number 0748785256
050 ## - LIBRARY OF CONGRESS CALL NUMBER
Classification number LB 1775 Pet
100 ## - MAIN ENTRY--PERSONAL NAME
Personal name Petty, Geoff
245 10 - TITLE STATEMENT
Title Teaching today: a practical guide. -- 3rd ed.
Statement of responsibility, etc. Geoff Petty
250 ## - EDITION STATEMENT
Edition statement 3rd ed.
260 ## - PUBLICATION, DISTRIBUTION, ETC.
Place of publication, distribution, etc. Cheltenham
Name of publisher, distributor, etc. Nelson Thornes
Date of publication, distribution, etc. 2004
300 ## - PHYSICAL DESCRIPTION
Extent vi, 562p.:ill.
350 ## -
-- 0.00
650 #0 - SUBJECT ADDED ENTRY--TOPICAL TERM
Topical term or geographic name entry element TEACHING
995 ## -
-- ANNEX COLLECTION (Main Library)
-- 0.00
-- 739631
-- CBU-MAIN LIBRARY (Kitwe)
-- 1
-- 0.00
-- LB 1775 PET
-- 2
-- AVAILABLE
-- Feb 4, 2009
-- 739631
-- Annex Low-Usage Collection
995 ## -
-- MAIN LIBRARY OPEN ACCESS
-- 0.00
-- 739632
-- CBU-MAIN LIBRARY (Kitwe)
-- 1
-- 0.00
-- LB 1775 PET
-- 3
-- AVAILABLE
-- Feb 4, 2009
-- 739632
-- Main Library Open Access Collection
995 ## -
-- ANNEX COLLECTION (Main Library)
-- 0.00
-- 739432
-- CBU-MAIN LIBRARY (Kitwe)
-- 1
-- 0.00
-- LB 1775 PET
-- 1
-- AVAILABLE
-- Feb 4, 2009
-- 739432
-- Annex Low-Usage Collection
999 ## -
-- 80946
-- 80946
Holdings
Withdrawn status Lost status Source of classification or shelving scheme Damaged status Not for loan Permanent Location Current Location Shelving location Date acquired Total Checkouts Full call number Barcode Date last seen Copy number Price effective from Koha item type Date last checked out
          CBU-MAIN LIBRARY, KITWE. CBU-MAIN LIBRARY, KITWE.   07/11/2023   LB 1775 Pet 739631 07/11/2023 1 07/11/2023 MONOGRAPH  
          CBU-MAIN LIBRARY, KITWE. CBU-MAIN LIBRARY, KITWE.   07/11/2023 1 LB 1775 Pet 739632 07/19/2024 2 07/11/2023 MONOGRAPH 05/21/2024
          CBU-MAIN LIBRARY, KITWE. CBU-MAIN LIBRARY, KITWE.   07/11/2023   LB 1775 Pet 739432 07/11/2023 3 07/11/2023 MONOGRAPH